| 000 | 00628cam a22002171 4500 | ||
|---|---|---|---|
| 001 | ca 11002958 | ||
| 003 | DLC | ||
| 005 | 20260227111057.0 | ||
| 008 | 840328s1888 yu 000 0 slv | ||
| 010 | _aca 11002958 | ||
| 035 | _a(OCoLC)10568451 | ||
| 040 |
_aDLC _cFTaSU _dFTaSU _dDLC |
||
| 042 | _apremarc | ||
| 050 | 0 | 0 |
_aDB83 _b.A6 |
| 100 | 1 |
_aApih, Jos, _d1853-1911. |
|
| 245 | 1 | 0 |
_aSlovenci in 1848. leto. _cSpisal Jos. Apih. |
| 260 |
_aV Ljubljani, _bIzdala in založila "Matica slovenska," _c1888. |
||
| 300 |
_aviii, 302, [4] p. _c23 cm. |
||
| 650 | 0 | _aSlovenes. | |
| 651 | 0 |
_aAustria _xHistory _yRevolution, 1848-1849. |
|
| 999 |
_c14586 _d14586 |
||